| 000 | 00357 a2200157 4500 | ||
|---|---|---|---|
| 001 | 47191 | ||
| 020 | _a9788598553429broch.) | ||
| 040 | _cAnchieta - Aquarius | ||
| 100 | _aCedraz, Antônio | ||
| 240 | 1 | 0 |
_aA Turma do Xaxado _lpor |
| 245 | 1 | 0 | _aA Turma do Xaxado |
| 300 | _a15p. | ||
| 362 | 0 | _a2013 | |
| 650 | 4 | _aLiteratura infanto-juvenil | |
| 942 | _cBK | ||
| 999 |
_c47191 _d47191 |
||